| 000 | 00798nam a2200301Ia 4500 | ||
|---|---|---|---|
| 001 | 41882 | ||
| 003 | IT-RoPAU | ||
| 008 | 130308s9999 xx 000 0 und d | ||
| 040 | _aIT-RoPAU | ||
| 040 | _cIT-RoPAU | ||
| 041 | _aINGLESE | ||
| 100 | _aKovecses Zoltan | ||
| 100 | _gCodice Aut. SPICS: 18424 | ||
| 245 | _aFestivities and Sport | ||
| 245 | _bFete (La)-Approches semiotiques (Documenti 92/93) | ||
| 250 | _a1a ed. | ||
| 260 | _aITALIA | ||
| 260 | _bUniversita' Di Urbino | ||
| 260 | _c1980 [1° Ed.:1980 - Ed.Ling.Originale:1978] | ||
| 300 | _a"6 p. (prefazione: no ; testo: 6 [pagine: 31-36])" | ||
| 500 | _aFestività e Sport | ||
| 650 | _aSAGGI DI SEMIOLOGIA | ||
| 650 | _eCodice materia Spics: 3257 | ||
| 942 | _cBK | ||
| 957 | _71 | ||
| 999 |
_c41505 _d41505 |
||
| 999 | _bSI | ||
| 999 | _g1 | ||